Statistics for Every Full Name in a Harry Potter Book

Click here to take the quiz!

General Stats

  • This quiz has been taken 204 times
  • The average score is 139 of 297

Answer Stats

First NameLast Name% Correct
HarryPotter
100%
HermioneGranger
99%
RonWeasley
99%
HannahAbbott
91%
SiriusBlack
91%
LilyPotter
90%
JamesPotter
89%
AlbusDumbledore | Potter
88%
ReginaldCattermole
88%
FredWeasley
87%
GeorgeWeasley
87%
MollyWeasley
87%
NevilleLongbottom
87%
PeterPettigrew
87%
PetuniaDursley
87%
ArthurWeasley
86%
BillWeasley
86%
CharlieWeasley
86%
DudleyDursley
86%
GinnyWeasley
86%
GodricGryffindor
86%
LunaLovegood
86%
PercyWeasley
86%
BellatrixLestrange
85%
DracoMalfoy
85%
LuciusMalfoy
85%
VernonDursley
85%
AliBashir
84%
CedricDiggory
84%
ChoChang
84%
FleurDelacour
84%
HelgaHufflepuff
84%
NarcissaMalfoy
84%
RegulusBlack
84%
RemusLupin
84%
RubeusHagrid
84%
SeverusSnape
84%
TomRiddle
84%
KatieBell
83%
NymphadoraTonks
83%
MinervaMcGonagall
82%
NicholasFlamel | de Mimsy-Porpington
82%
SalazarSlytherin
82%
BathildaBagshot
81%
DoloresUmbridge
81%
SeamusFinnigan
81%
ViktorKrum
81%
AliceLongbottom
80%
FrankBryce | Longbottom
80%
ParvatiPatil
80%
RowenaRavenclaw
80%
AmosDiggory
79%
ColinCreevy
79%
GregoryGoyle
79%
LudovitchBagman
79%
PadmaPatil
79%
RitaSkeeter
79%
TedTonks
79%
XenophiliusLovegood
79%
AberforthDumbledore
78%
AlastorMoody
78%
MarjorieDursley
78%
MarvoloGaunt
78%
OliveHornby
78%
VincentCrabbe
78%
ArgusFilch
77%
BartemiusCrouch
77%
CorneliusFudge
77%
DeanThomas
77%
FenrirGreyback
77%
FiliusFlitwick
77%
GilderoyLockhart
77%
PansyParkinson
77%
PenelopeClearwater
77%
SusanBones
77%
ArianaDumbledore
76%
BlaiseZabini
76%
MarcusBelby | Flint
76%
SybillTrelawney
76%
TeddyLupin
76%
GabrielleDelacour
75%
HoraceSlughorn
75%
IgorKarkaroff
75%
KingsleyShacklebolt
75%
AndromedaTonks
74%
AngelinaJohnson
74%
ArabellaFigg
74%
JustinFinch-Fletchley
74%
OliverWood
74%
PoppyPomfrey
74%
ErnieMacmillan | Prang
73%
RufusScrimgeour
73%
CormacMcLaggen
72%
DennisBishop | Creevy
72%
MillicentBagnold | Bulstrode
72%
RodolphusLestrange
72%
AliciaSpinnet
71%
NewtScamander
71%
AmyBenson
70%
AugustaLongbottom
70%
GellertGrindelwald
70%
LavenderBrown
70%
MeropeGaunt
70%
AmeliaBones
69%
AmycusCarrow
69%
LeeJordan
69%
MundungusFletcher
69%
StanShunpike
69%
KendraDumbledore
68%
OlympeMaxine
68%
TerryBoot
68%
AlectoCarrow
67%
AntoninDolohov
67%
CharityBurbage
67%
MaryCattermole | Dorkins | McDonald
67%
MichaelCorner
67%
MorfinGaunt
67%
PercivalDumbledore
66%
ZachariasSmith
66%
DedalusDiggle
65%
RoseWeasley | Zeller
65%
AnthonyGoldstein
64%
MariettaEdgecombe
64%
Phineas NigellusBlack
64%
IgnotusPeverell
63%
PiusThicknesse
62%
EileenPrince
60%
PiersPolkiss
60%
FabianPrewett
59%
GideonPrewett
59%
HugoWeasley
59%
ElphiasDoge
58%
TheodoreNott
58%
RabastanLestrange
56%
CadmusPeverell
55%
ArmandoDippet
53%
AugustusPye | Rookwood
52%
BerthaJorkins
52%
BobOgden
52%
EvanRosier
52%
MafaldaHopkirk
52%
AntiochPeverell
50%
RogerDavies
50%
WilhelminaGrubbly-Plank
50%
AdrianPucey
48%
AlbertRuncorn
47%
DirkCresswell
47%
HepzibahSmith
47%
SturgisPodmore
46%
TobiasSnape
46%
BroderickBode
45%
EmmelineVance
45%
FloreanFortescue
44%
VictoireWeasley
43%
HestiaJones
42%
JackSloper
42%
WaldenMacnair
41%
DaphneGreengrass
39%
EloiseMidgen
39%
JimmyPeakes
37%
MarleneMcKinnon
36%
PerenelleFlamel
35%
WilkieTwycross
34%
CassandraTrelawney | Vablatsky
33%
DemelzaRobins
33%
GwenogJones
33%
ThorfinnRowle
33%
AndrewKirke
32%
GriseldaMarchbanks
32%
EuanAbercrombie
31%
RitchieCoote
31%
CelestinaWarbeck
30%
DorisCrockford | Purkiss
28%
EdgarBones
28%
DorcasMeadowes
27%
AbraxasMalfoy
26%
AidanLynch
26%
HassanMostafa
26%
MirandaGoshawk
26%
PierreBonaccord
26%
BertieBott | Higgs
25%
DilysDerwent
25%
BabbittyRabbitty
23%
BenjyFenwick
22%
ApollineDelacour
21%
MilesBletchley
21%
TerenceHiggs
21%
MandyBrocklehurst
20%
LisaTurpin
18%
WillyWiddershin
18%
CaractacusBurke
17%
ApollyonPringle
16%
PatrickDelaney-Podmore
16%
AlphardBlack
15%
GalateaMerrythought
15%
BarryRyan
14%
CuthbertMockridge
14%
MalcolmBaddock
14%
AlfredCattermole
13%
CaradocDearborn
13%
MarkEvans
13%
StewartAckerley
13%
StubbyBoardman
13%
GladysGudgeon
12%
BarnabasCuffe | Deverill | Finkley
11%
MoragMacDougal
11%
OrlaQuirke
11%
Sally-AnnePerks
11%
TiberiusOgden
11%
EnidSmeek
10%
MaisieCattermole
10%
ArseniusJigger
9%
DaiLlewellyn
9%
EllieCattermole
9%
EmericSwitch
9%
EricMunch | Whalley
9%
GawainRobards
9%
KevinWhitby
9%
MartinMiggs
9%
ArnoldPeasegood
8%
EmmaDobbs
8%
GrahamPritchard
8%
HerbertChorley
8%
InigoImago
8%
NatalieMcDonald
8%
OttoBagman
8%
PhyllidaSpore
8%
DexterFortescue
7%
EleanorBranstone
7%
ElladoraBlack
7%
MonicaWilkins
7%
QuentinTrimble
7%
VindictusViridian
7%
WilbertSlinkhard
7%
AdalbertWaffling
6%
AlbericGrunnion
6%
AmbrosiusFlume
6%
ArkieAlderton | Philpott
6%
BillyStubbs
6%
DragomirDespard | Gorgovitch
6%
EddieCarmichael
6%
HectorDagworth-Granger
6%
IvorDillonsby
6%
LauraMadley
6%
LibatiusBorage
6%
MelindaBobbin
6%
MiriamStrout
6%
PatriciaStimpson
6%
VickyFrobisher
6%
AlgernonRookwood
5%
BertramAubrey
5%
BettyBraithwaite
5%
DaveyGudgeon
5%
GeoffreyHooper
5%
HumphreyBelcher
5%
JanusThickey
5%
KennethTowler
5%
UrquhartRackharrow
5%
VeronicaSmethley
5%
WendellWilkins
5%
AgathaTimms
4%
Araminta MelifluaBlack
4%
BerniePillsworth
4%
CiceronHarkiss
4%
EldredWorple
4%
ElfridaCragg
4%
GilbertWimple
4%
HaroldDingle
4%
HippocratesSmethwyck
4%
JoeyJenkins
4%
LadislawZamojski
4%
OctaviusPepper
4%
OwenCauldwell
4%
RoddyPontner
4%
RupertBrookstanton
4%
WartyHarris
4%
BowmanWright
3%
RosalindBungs
3%

Score Distribution

Percentile by Number Answered

Percent of People with Each Score

Your Score History

You have not taken this quiz